[Event "American Continental-ch 2018"]
[Site "Montevideo"]
[Date "2018.06.01"]
[Round "1"]
[White "Shankland, Samuel"]
[Black "Guerrero, Alvaro"]
[Result "1-0"]
[WhiteElo "2717"]
[BlackElo "2116"]
[Annotator "TA"]
[PlyCount "77"]
[EventDate "2018.??.??"]
[EventType "swiss"]
[EventCountry "URU"]
[SourceTitle "playchess.com"]
[Source "ChessBase"]
[SourceQuality "1"]

{[%evp 18,77,40,43,66,53,59,52,52,61,64,28,44,70,56,71,114,65,92,107,216,229,280,290,255,165,193,191,190,185,190,187,169,179,162,179,192,137,145,137,175,162,156,89,329,473,393,302,286,244,957,566,1508,1466,29979,29980,29980,1075,29981,29982,29990,29984]} 1. g3 Nf6 2. Bg2 g6 3. Nf3 Bg7 4. d4 O-O 5. O-O d6 6. c4 Nc6 7. Nc3 a6 8. b3 {[%cal Bb2b3,Bb3b4][%mdl 32]} Rb8 9. d5 Na5 {E63: King's Indian: Fianchetto: Panno Variation with 7...a6} 10. Bg5 {LiveBook: 26 Games} (10. Bd2 c5 11. dxc6 Nxc6 12. Qc1 Bd7 13. Bh6 b5 14. Bxg7 Kxg7 15. cxb5 axb5 16. Qb2 Kg8 17. b4 Qb6 18. Rfd1 Rfc8 {½-½ (77) Inarkiev,E (2689)-Zhao,J (2604) Riadh 2017}) 10... b5 11. cxb5 $146 ({Predecessor:} 11. Nd4 Bd7 12. cxb5 axb5 13. Rc1 b4 14. Bxf6 Bxf6 15. Ne4 Bg7 16. f4 e5 {1-0 (39) Mironenko,G (2006)-Pavalachandran,A (1381) Pocos de Caldas 2017}) 11... axb5 {White is slightly better.} 12. b4 $1 {Black must now prevent Nd4.} Nc4 13. Qb3 h6 {[#]} 14. Nxb5 $1 {[%mdl 512]} hxg5 (14... Rxb5 15. Bxf6) 15. Qxc4 Ba6 16. a4 Nd7 17. Rac1 Nb6 18. Qe4 ({But not} 18. Qxc7 $6 Bxb5 19. Qxd8 (19. axb5 Qxc7 20. Rxc7 Nxd5 $11) 19... Rfxd8 $11) 18... Nxa4 (18... Bxb5 $16 19. axb5 g4) 19. Nxc7 $18 Bc8 20. Nxg5 {And now Qh4 would win.} Bf6 21. Qh4 {[%csl Gg5][%cal Rh4h7]} Bxg5 22. Qxg5 Rxb4 {[#]} 23. Ne6 $1 {[%mdl 512]} Bxe6 24. dxe6 {Hoping for Qd2.} Kg7 25. exf7 Rxf7 26. h4 Rf5 27. Qd2 (27. Qe3 $18) 27... Qb8 28. e4 Rfb5 29. Rc6 Qa7 30. Qf4 ({Better is} 30. e5 Qd4 31. Qxd4 Rxd4 32. exd6) 30... Re5 $2 (30... Qd7 $16 {is a better defense.} 31. Rcc1 Qe6) 31. Rc8 {Qf8+ would kill now.} Rf5 32. Qc1 ({Not} 32. exf5 Rxf4 33. gxf4 Qd7 $14) 32... Rc5 33. Qe3 $40 {[%mdl 128] White is out for blood.} Qb6 $2 (33... Nc3 34. e5 Ne2+ 35. Kh1 Nd4) 34. Ra8 Rc7 35. Qf4 {Threatening mate with Qf8+.} Qd4 36. Qf8+ Kh7 37. Qg8+ Kh6 38. g4 e6 39. Bf3 {Precision: White = 70%, Black = 38%.} 1-0

[Event "American Continental-ch 2018"]
[Site "Montevideo"]
[Date "2018.06.01"]
[Round "1"]
[White "Xiong, Jeffery"]
[Black "Arias Bouzada, Jorge"]
[Result "1-0"]
[WhiteElo "2656"]
[BlackElo "2097"]
[Annotator "TA"]
[PlyCount "36"]
[EventDate "2018.??.??"]
[EventType "swiss"]
[EventCountry "URU"]
[SourceTitle "playchess.com"]
[Source "ChessBase"]
[SourceQuality "1"]

{[%evp 18,36,107,97,125,129,192,202,216,216,230,222,241,228,606,595,575,597,605,587,1028]} 1. e4 c5 2. Nf3 Nc6 3. Bb5 g6 4. Bxc6 bxc6 5. O-O Bg7 6. Re1 e5 7. c3 d6 {B31: Sizilianisch (Rossolimo-Variante)} (7... Ne7 8. d4 cxd4 9. cxd4 exd4 10. Nxd4 O-O 11. Nc3 Rb8 12. Nb3 d5 13. Bg5 h6 14. Be3 a5 15. Bc5 Re8 16. Qd2 Be6 17. Rad1 Kh7 18. h3 Qc7 19. Nd4 Rbd8 20. Qe3 {1-0 (48) Caruana,F (2811)-Iturrizaga Bonelli,E (2650) chess.com INT 2018}) 8. d4 cxd4 9. cxd4 Bg4 {[#]} 10. dxe5 $1 {LiveBook: 6 Partien} Bxe5 11. Nbd2 Ne7 (11... Be6 $16 12. Qa4 Ne7) 12. Nc4 $146 ({Vorgänger:} 12. h3 Bxf3 13. Qxf3 O-O 14. Nc4 Bg7 15. Bg5 {1-0 (30) Jarmolinskaya,M (2205)-Gilbert,C (2180) Bucharest 1995}) 12... Qc7 13. h3 Bxf3 14. Qxf3 f6 15. Bh6 Kf7 $2 {[#]} (15... Rg8 16. Rad1 g5) 16. Nxe5+ {Weiß steht klar auf Gewinn.} dxe5 17. Qb3+ Ke8 18. Qe6 Qd8 1-0

[Event "American Continental-ch 2018"]
[Site "Montevideo"]
[Date "2018.06.01"]
[Round "1"]
[White "Cordova, Emilio"]
[Black "Restuccia, Francisco"]
[Result "1-0"]
[WhiteElo "2621"]
[BlackElo "2094"]
[Annotator "TA"]
[PlyCount "97"]
[EventDate "2018.??.??"]
[EventType "swiss"]
[EventCountry "URU"]
[SourceTitle "playchess.com"]
[Source "ChessBase"]
[SourceQuality "1"]

{[%evp 16,97,25,18,40,48,80,72,80,64,164,48,75,50,56,58,56,43,43,42,31,17,25,22,25,25,63,48,64,63,69,59,55,34,60,58,58,50,50,52,53,14,38,38,60,53,57,57,52,59,55,51,100,102,102,118,217,210,231,225,272,250,435,427,405,379,474,473,668,656,931,914,922,685,1633,1469,1444,1223,908,1408,29973,11762,5185,41]} 1. Nf3 Nf6 2. c4 g6 3. b3 Bg7 4. Bb2 O-O 5. g3 d6 6. d4 e5 7. dxe5 {E60: Königsindisch (ohne Sc3)} Ng4 (7... Nfd7 8. Bg2 Nxe5 9. Qd2 Nbc6 10. O-O Bg4 11. Nxe5 Nxe5 12. Bd4 Qc8 13. f4 Nc6 14. Bxg7 Kxg7 15. Nc3 Ne7 16. e4 {½-½ (78) Nakamura,H (2793)-Caruana,F (2787) Saint Louis 2015}) 8. Nc3 Nxe5 9. Nxe5 {LiveBook: 5 Partien. Weiß hat minimalen Vorteil.} Bxe5 10. Bg2 Nc6 11. Qd2 Be6 12. h4 $146 ({Vorgänger:} 12. O-O Bg7 13. Nd5 Bxd5 14. Bxd5 Qe7 {1-0 (50) Ivanov,V (2373)-Gronde,I (2219) Germany 2016}) 12... Qd7 {[#]} (12... h5 $14) 13. Ne4 (13. h5 $1 $18) 13... Qe7 $1 $14 14. f4 Bxb2 15. Qxb2 {Droht Sf6+ und aus.} f6 $1 16. Qd2 Rae8 17. Nc3 Bg4 18. e4 Qg7 19. O-O Kh8 20. Rae1 Qd7 21. Nd5 Qg7 22. Qc3 Nd8 23. b4 Be6 24. Ne3 (24. a3 {with more complications.} Bxd5 25. cxd5 Re7 26. Re2 f5 27. Qxg7+ Kxg7 28. Rc1) 24... f5 25. Qxg7+ Kxg7 26. exf5 Bxf5 27. Nxf5+ gxf5 28. a4 Kf6 29. Kf2 h6 30. Rc1 Re7 31. Rfd1 Rfe8 32. Rc2 Nc6 33. b5 Nd8 34. c5 dxc5 35. Rxc5 Ne6 (35... b6 $16 36. Rc2 Nf7) 36. Re5 $18 b6 37. Bc6 Rg8 {beabsichtigt ...Sc5.} 38. Rdd5 Ng7 $2 {[#]} (38... Nc5 {war angesagt.}) 39. Rxe7 Kxe7 {[%mdl 4096] Endspiel KTL-KTS} 40. Rd7+ Kf6 41. Rxc7 Nh5 (41... Ne6 $142) 42. Rxa7 Nxg3 43. a5 bxa5 44. b6 Ne4+ 45. Bxe4 fxe4 46. Rxa5 e3+ 47. Kxe3 Rg3+ 48. Kd4 Rb3 49. Ke4 $2 {Precision: Weiß = 62%, Schwarz = 43%.} (49. Kc5 $18 Rc3+ 50. Kd5) 1-0

[Event "American Continental-ch 2018"]
[Site "Montevideo"]
[Date "2018.06.01"]
[Round "1"]
[White "Delgado Ramirez, Neuris"]
[Black "Cervantes Landeiro, Thalia"]
[Result "1-0"]
[WhiteElo "2613"]
[BlackElo "2087"]
[Annotator "TA"]
[PlyCount "87"]
[EventDate "2018.??.??"]
[EventType "swiss"]
[EventCountry "URU"]
[SourceTitle "playchess.com"]
[Source "ChessBase"]
[SourceQuality "1"]

{[%evp 9,87,0,0,0,46,8,7,-2,7,0,0,7,4,6,7,3,9,0,0,-8,0,-22,30,37,25,30,34,42,46,36,33,0,83,58,82,87,88,80,84,86,91,102,126,125,137,123,125,113,199,198,250,192,233,222,252,261,276,263,267,262,277,277,277,262,268,265,257,249,304,302,293,300,301,286,479,470,552,546,530,527]} 1. e4 e5 2. Nf3 Nc6 3. Nc3 Nf6 4. Be2 Bb4 5. Nd5 Bc5 (5... Nxd5 6. exd5 Nd4 7. Nxd4 exd4 8. O-O O-O 9. a3 Be7 10. d3 d6 11. Bg4 f5 12. Bf3 Bd7 {1-0 (29) Van Foreest,J (2631)-Postny,E (2575) Berlin 2018}) 6. d3 {C47: Scotch Four Knights and Four Knights with 4 g3} h6 7. Be3 (7. c3 {is more complex.} O-O 8. b4 Bd6 9. Nxf6+ Qxf6 10. O-O) 7... Bxe3 $146 (7... d6 {seems wilder.} 8. Bxc5 dxc5 9. Ne3 Be6 10. Nd2 Qe7) ({Predecessor:} 7... d6 8. Nxf6+ Qxf6 9. O-O O-O {½-½ (9) Mestrovic,Z (2434)-Lalic,B (2520) Pula 2000}) 8. fxe3 {The position is equal.} d6 9. Nxf6+ Qxf6 10. Qd2 Bg4 11. O-O-O O-O-O 12. Rhf1 {Nxe5! is the strong threat.} Qe7 13. Kb1 Kb8 14. Qe1 Be6 15. Qg3 Rhg8 ({Black should try} 15... h5) 16. d4 $11 exd4 17. exd4 {[#] Threatens to win with d5.} d5 18. e5 Bf5 19. Nh4 {[%cal Bf3h4,Bh4f5,Bf5g3,Bg3e2,Be2f4,Bf4d3,Bd3c5][%mdl 32]} Be4 20. Bb5 {[#]} Ka8 (20... Nxd4 $1 $11 {[%mdl 512] keeps the balance.} 21. Rxd4 Qc5) 21. Qf2 Qb4 22. Bxc6 $1 bxc6 23. Qd2 $36 {[%mdl 2048] White has strong initiative.} (23. Qxf7 Rb8 $19) 23... Qe7 24. Nf5 Qd7 25. Ng3 Bg6 26. Ne2 Rb8 27. Nf4 Bh7 28. Nd3 Rgf8 (28... Bxd3 $16 29. Qxd3 Qe6) 29. Nc5 $18 Qe7 (29... Qc8 $142 30. Rde1 Bg6) 30. a4 Bg6 31. Ka2 Rfe8 32. Rf2 Rb6 33. Qc3 Reb8 34. b3 Rd8 35. Rdf1 Rbb8 36. Qg3 Qg5 37. Qxg5 hxg5 38. h3 a5 39. Kb2 Rh8 40. Rxf7 Bxf7 41. Rxf7 Rbc8 $2 (41... Rbf8 42. Rxg7 Rc8) 42. e6 {White is clearly winning.} Rce8 43. Rxc7 Rh6 44. Rxg7 {Precision: White = 75%, Black = 32%.} 1-0

[Event "American Continental-ch 2018"]
[Site "Montevideo"]
[Date "2018.06.01"]
[Round "1"]
[White "Liang, Awonder"]
[Black "Tregarthen, Emiliano"]
[Result "1-0"]
[WhiteElo "2571"]
[BlackElo "2083"]
[Annotator "TA"]
[PlyCount "73"]
[EventDate "2018.??.??"]
[EventType "swiss"]
[EventCountry "URU"]
[SourceTitle "playchess.com"]
[Source "ChessBase"]
[SourceQuality "1"]

{[%evp 15,73,65,68,73,65,61,61,60,51,18,14,25,77,70,73,76,77,79,69,79,100,79,77,65,143,144,139,132,149,146,148,131,197,131,170,162,180,176,161,143,188,157,182,181,221,211,269,277,409,333,334,336,335,329,337,330,909,730,924,913]} 1. e4 c5 2. Nf3 d6 3. Bb5+ Bd7 4. Bxd7+ Qxd7 5. O-O Nc6 6. c3 Nf6 7. d4 e6 {B52: Sizilianisch (Rossolimo-Variante)} (7... Nxe4 8. d5 Ne5 9. Re1 Nxf3+ 10. Qxf3 Nf6 11. c4 e5 12. dxe6 fxe6 13. Bg5 Be7 14. Nc3 h6 15. Bh4 O-O 16. Qh3 Kf7 17. Rad1 Rad8 18. f4 b6 19. b3 e5 20. Qf3 Qg4 21. Qxg4 Nxg4 22. Bxe7 Kxe7 23. h3 Nf6 24. fxe5 dxe5 25. Rxe5+ {½-½ (25) Brodda,W (2581)-Dothan,Y (2575) ICCF email 2016}) 8. d5 Ne5 {LiveBook: 3 Partien} 9. Nxe5 dxe5 {Weiß steht besser.} 10. dxe6 Qxe6 11. Na3 Be7 $146 ({Vorgänger:} 11... Qc6 12. Re1 c4 13. b3 b5 14. bxc4 {0-1 (40) Mullon,J (2412)-Calavalle,G (2203) Barcelona 2016}) 12. Qb3 (12. f3 {is interesting.} a6 13. Qb3 Qxb3 14. axb3 Nd7 15. Nc4) 12... Qxb3 13. axb3 O-O (13... Nxe4 $11 14. Re1 Rd8) 14. Bg5 h6 15. Bxf6 $1 Bxf6 16. Nc4 Rfd8 17. Rfd1 Rxd1+ 18. Rxd1 $16 {[%mdl 4096] Endspiel KTL-KTS} b5 19. Na5 Bd8 (19... Rc8 $14) 20. Nc6 Bb6 21. Rd7 f6 22. Kf1 Kf8 23. Ke2 b4 (23... a6 $16 24. Rb7 Bd8) 24. Rb7 (24. cxb4 $6 cxb4 25. Nxb4 Rc8 $14) ({Günstiger ist} 24. Kd3 $18) 24... bxc3 25. bxc3 h5 26. f3 c4 27. b4 {[%cal Bb3b4,Bb4a5][%mdl 32]} Bg1 28. h3 Rc8 {[#]} 29. Ne7 $1 {[%cal Re7c8]} (29. Nxa7 $6 Ra8 $14) 29... Ra8 {beabsichtigt ...a5.} 30. Nd5 Rd8 31. Rc7 a5 (31... Rb8 $142 32. Rxc4 a5) 32. bxa5 Ra8 33. Kf1 ({Schwächer ist} 33. Rxc4 Rxa5 34. Rc8+ Kf7 $16) 33... Bh2 34. Rc5 ({Keinesfalls} 34. Rxc4 $6 Rxa5 35. Rc8+ Kf7 $18) 34... Bg3 35. Nb6 ({Weniger gut wäre} 35. Rxc4 Rxa5 36. Rc8+ Kf7 $16) 35... Rd8 $2 {[#]} (35... Ra7 36. Ke2 Ke8) 36. Ke2 Bf4 37. Rd5 {Precision: Weiß = 71%, Schwarz = 42%.} 1-0

[Event "American Continental-ch 2018"]
[Site "Montevideo"]
[Date "2018.06.01"]
[Round "1"]
[White "Erenburg, Sergey"]
[Black "Medrano, Mario"]
[Result "1-0"]
[WhiteElo "2563"]
[BlackElo "2073"]
[Annotator "TA"]
[PlyCount "57"]
[EventDate "2018.??.??"]
[EventType "swiss"]
[EventCountry "URU"]
[SourceTitle "playchess.com"]
[Source "ChessBase"]
[SourceQuality "1"]

{[%evp 19,57,16,32,23,28,31,55,46,53,55,45,49,75,62,169,168,177,181,181,174,173,172,172,175,176,156,178,91,166,166,165,167,177,183,174,176,183,175,545,547]} 1. e4 c5 2. Nf3 d6 3. d4 cxd4 4. Nxd4 Nf6 5. Nc3 a6 6. Be3 e5 7. Nf3 Qc7 8. a4 Be6 9. Be2 {B90: Sicilian Najdorf: Unusual White 6th moves, 6 Be3 Ng4 and 6 Be3 e5} (9. a5 Qc6 10. Ng5 d5 11. exd5 Bxd5 12. Ra4 h6 13. Nxd5 Nxd5 14. Rc4 Qd7 15. Nf3 Nxe3 16. Qxd7+ Kxd7 17. fxe3 {½-½ (25) Robson,R (2668)-Zherebukh,Y (2605) New York 2017}) 9... Nbd7 10. O-O Be7 {LiveBook: 4 Games} 11. Ng5 {White is slightly better.} Bc4 12. a5 Rc8 13. Ra4 Bxe2 14. Qxe2 O-O 15. Rd1 Nb8 $146 ({Predecessor:} 15... Rfe8 16. h3 Nf8 {1-0 (59) Udeshi,A (2379)-Suvrajit,S (2384) Aurangabad 2011}) 16. Nf3 Qd7 {[#]} (16... Qc6 $14) 17. Nxe5 $1 $18 {[%mdl 512]} Qe8 (17... dxe5 18. Rxd7) 18. Nc4 Nxe4 19. Nd5 ({Weaker is} 19. Nxe4 Qxa4 20. b3 Qb5 $11) 19... Qxa4 20. Nxe7+ Kh8 21. Nxc8 Rxc8 22. b3 ({But not} 22. Nxd6 $6 Nxd6 23. Rxd6 Qxa5 $16) 22... Qe8 23. Bd4 (23. Qe1 $18) 23... d5 (23... Nc6 $16 {is a better defense.}) 24. Nb6 $40 {[%mdl 128] [#] aiming for Qg4. White has strong attack.} Rd8 25. f3 Nf6 26. Qxe8+ Nxe8 27. c4 Nc6 {Threatens to win with ...dxc4.} 28. Nxd5 Nxa5 $2 (28... h6 29. Bb6 Rd7) 29. Bb6 {Precision: White = 69%, Black = 19%.} 1-0

[Event "American Continental-ch 2018"]
[Site "Montevideo"]
[Date "2018.06.01"]
[Round "1"]
[White "Moradiabadi, Elshan"]
[Black "Saralegui, Mario"]
[Result "1-0"]
[WhiteElo "2549"]
[BlackElo "2069"]
[Annotator "TA"]
[PlyCount "79"]
[EventDate "2018.??.??"]
[EventType "swiss"]
[EventCountry "URU"]
[SourceTitle "playchess.com"]
[Source "ChessBase"]
[SourceQuality "1"]

{[%evp 14,79,19,13,29,18,18,16,18,18,16,22,16,7,17,25,31,21,23,17,17,-1,20,16,23,18,17,0,52,40,54,25,20,16,18,25,19,38,41,47,42,0,0,0,4,0,0,0,0,0,4,6,35,32,44,12,12,12,9,8,36,37,34,33,38,37,778,768]} 1. d4 d5 2. c4 c6 3. Nf3 Nf6 4. Qb3 e6 5. Bg5 Be7 6. e3 O-O 7. Nc3 Nbd7 8. Rd1 {LiveBook: 32 Games} Qa5 {D60: Queen's Gambit Declined: Classical: Unusual White 7th moves} (8... dxc4 9. Bxc4 Nd5 10. Bxe7 Qxe7 11. O-O N5b6 12. Bd3 e5 13. Rfe1 h6 14. Bb1 exd4 15. exd4 Qd8 16. d5 cxd5 17. Nxd5 Nxd5 18. Rxd5 {0-1 (36) Huzman,A (2580)-Malakhov,V (2694) Berlin 2015}) 9. Bd3 dxc4 10. Bxc4 e5 {The position is equal.} 11. O-O exd4 12. exd4 Nb6 13. Rfe1 Qb4 $1 14. Bxf6 Qxb3 15. Bxb3 Bxf6 16. Ne4 $146 ({Predecessor:} 16. Ne5) 16... Be7 17. Neg5 Bxg5 18. Nxg5 Nd5 19. Bxd5 cxd5 20. Re7 h6 (20... f6 $11) 21. Nf3 $14 b6 22. h3 Be6 23. Rc1 Rfc8 24. Rxc8+ Rxc8 25. Rxa7 $11 {[%mdl 4096] Endgame KRB-KRN} Rc1+ $1 26. Kh2 {Rb7 is the strong threat.} Rc2 27. b4 Rxf2 28. a4 Ra2 29. Ra8+ Kh7 30. Ra6 Bf5 31. Kg3 Be4 32. h4 Bd3 33. Rxb6 Rxa4 34. Ne5 Ra3 35. Kf2 f6 36. Nd7 h5 37. Rb7 {Black must now prevent Nxf6+.} Kg6 38. b5 {[%cal Bb4b5,Bb5b6][%mdl 32] Threatens to win with b6.} Kf5 39. b6 {[#] aiming for Nc5.} Ke4 $2 {[%mdl 8192]} (39... Ra2+ $14 40. Kg1 Rb2) 40. Ra7 {Precision: White = 58%, Black = 55%.} 1-0

[Event "American Continental-ch 2018"]
[Site "Montevideo"]
[Date "2018.06.01"]
[Round "1"]
[White "Martinez Alcantara, Jose Eduardo"]
[Black "Mariani, Daniel Brandao"]
[Result "1-0"]
[WhiteElo "2539"]
[BlackElo "2055"]
[Annotator "TA"]
[PlyCount "53"]
[EventDate "2018.??.??"]
[EventType "swiss"]
[EventCountry "URU"]
[SourceTitle "playchess.com"]
[Source "ChessBase"]
[SourceQuality "1"]

{[%evp 18,53,29,31,33,35,34,44,55,49,44,30,138,137,133,112,131,108,110,107,174,174,174,174,174,175,179,183,180,187,198,190,196,167,258,253,575,571]} 1. c4 c6 2. Nf3 d5 3. g3 Nf6 4. Bg2 Bf5 5. Qb3 Qc8 6. cxd5 cxd5 7. Nc3 e6 8. d3 Nc6 9. Bf4 Be7 10. O-O O-O {A11: English Opening: 1...c6} 11. Rac1 (11. Rfc1 Qd7 12. h3 Rfc8 13. Ne5 Nxe5 14. Bxe5 Rc6 15. e4 Rb6 16. Qa4 Rb4 17. Qxd7 Nxd7 18. a3 {½-½ (75) Malakhov,V (2694)-Jobava,B (2713) Dubai 2014}) 11... Qd7 12. Ne5 Nxe5 {White is slightly better.} 13. Bxe5 Ng4 14. Bf4 e5 (14... g5 $11 15. Bd2 Rac8) 15. Nxd5 $16 Be6 $146 16. Bd2 Bd6 17. Rc2 Rad8 18. h3 Nf6 (18... Nh6 $16 {might work better.}) 19. Nxf6+ $18 gxf6 20. Qxb7 Qxb7 21. Bxb7 Bxa2 22. Ra1 Bb3 23. Rcc1 Rd7 24. Bc8 ({Stronger than} 24. Rxa7 Bb8 $17) 24... Rc7 25. Bf5 Rb7 (25... Rxc1+ $142 26. Bxc1 (26. Rxc1 Rb8 $16) 26... Bc5) 26. Ra6 Rd8 $2 {[#]} (26... Be7 27. Be4 Rd7) 27. Ba5 {Precision: White = 85%, Black = 45%.} 1-0

[Event "American Continental-ch 2018"]
[Site "Montevideo"]
[Date "2018.06.01"]
[Round "1"]
[White "Di Berardino, Diego Rafael"]
[Black "Okamura, Milton Kasuo"]
[Result "1-0"]
[WhiteElo "2525"]
[BlackElo "2050"]
[Annotator "TA"]
[PlyCount "77"]
[EventDate "2018.??.??"]
[EventType "swiss"]
[EventCountry "URU"]
[SourceTitle "playchess.com"]
[Source "ChessBase"]
[SourceQuality "1"]

{[%evp 30,76,28,22,30,30,29,34,45,37,38,0,35,34,52,52,63,49,66,68,101,99,136,122,119,111,108,101,120,116,120,123,131,131,162,154,137,136,239,234,436,197,29988,29989,29989,1137,29990,29991,29999]} 1. d4 d5 2. c4 c6 3. Nf3 Nf6 4. Nc3 e6 5. e3 Nbd7 6. Qc2 Bd6 7. b3 O-O 8. Be2 e5 9. cxd5 cxd5 10. dxe5 Nxe5 11. Bb2 Bg4 12. Nxe5 {D45: Damengambit (Anti-Meraner Variante)} Bxe5 13. Bxg4 Nxg4 14. h3 Nf6 {[%cal Bg4f6,Bf6e4,Be4c3][%mdl 32]} 15. O-O Rc8 16. Qd3 {LiveBook: 4 Partien} Qe7 $146 ({Vorgänger:} 16... Ne4 17. Rac1 Qh4 18. Rc2 Nxc3 19. Bxc3 Qe4 20. Qxe4 dxe4 {½-½ (39) Milanovic,D (2485)-Miljkovic,M (2490) Pirot 2016}) 17. Rab1 Rfd8 18. Ne2 {[%cal Bc3e2,Be2d4,Bd4f5][%mdl 32]} Bb8 19. Rfd1 Ne4 20. Nd4 Qh4 21. Qe2 Nc3 22. Bxc3 $1 Rxc3 23. Rb2 a6 24. Rbd2 Ba7 25. Nf5 Qe4 26. Qh5 {Droht Matt per Dg5.} h6 27. Rxd5 Rxd5 28. Rxd5 {Und weiter mit Td8+ wäre nett.} Rc7 29. Rd8+ $40 {[%mdl 128] Weiss greift entschieden an.} Kh7 30. Ng3 Qe6 31. Qd1 Bc5 32. Qd3+ Qg6 33. Nf5 b6 (33... Bb4 $16 34. Kh2 Rc1) 34. g4 a5 $2 (34... Ba3 35. Ra8 (35. Qxa6 Rc1+ 36. Kh2 Qc6 $16) 35... Rc1+ 36. Kh2 Rh1+ 37. Kxh1 Qc6+ 38. Kg1 Qxa8) 35. Qe4 (35. Re8 $142 {Weiss droht Dd8 und Matt.} Qf6 {[#]} 36. Nxh6+ $1 {[%mdl 512]} g6 37. Ng8) 35... Rc6 $2 {[#]} (35... Qc6 $18 36. Qd3 Qg6) 36. Qe8 {[%csl Gd8][%cal Re8h8]} Qf6 37. Qh8+ Kg6 38. Rg8 {[%csl Gf5][%cal Rh8h6]} Bf8 39. Qxh6# {Precision: Weiß = 76%, Schwarz = 22%.} 1-0

[Event "American Continental-ch 2018"]
[Site "Montevideo"]
[Date "2018.06.01"]
[Round "1"]
[White "Henriquez Villagra, Cristobal"]
[Black "Pomar, Marcelo Nascimento"]
[Result "1-0"]
[WhiteElo "2518"]
[BlackElo "2037"]
[Annotator "TA"]
[PlyCount "59"]
[EventDate "2018.??.??"]
[EventType "swiss"]
[EventCountry "URU"]
[SourceTitle "playchess.com"]
[Source "ChessBase"]
[SourceQuality "1"]

{[%evp 22,59,81,80,146,144,151,121,108,89,207,125,150,0,0,0,132,0,4,-372,0,0,53,0,360,347,454,434,812,142,801,777,737,517,29982,1004,2171,1956,29990,29991]} 1. e4 e5 2. Nf3 Nc6 3. Bc4 Nf6 {[%cal Bg8f6,Bf6d5,Bd5f4][%mdl 32]} 4. Ng5 d5 5. exd5 Na5 6. Bb5+ c6 7. dxc6 bxc6 8. Bd3 Nd5 {C58: Two Knights: 4 Ng5 d5 5 exd5 Na5 sidelines} 9. h4 (9. Nf3 Bd6 10. O-O O-O 11. Re1 f5 12. Nxe5 Qf6 13. Nf3 g5 14. g3 f4 15. Nc3 fxg3 16. hxg3 Nxc3 17. dxc3 {½-½ (52) Kovalev,V (2639)-Demchenko,A (2660) Riadh 2017}) 9... Be7 10. Qf3 Nf4 11. Nxf7 Kxf7 12. g3 {[#] LiveBook: 3 Games} Bf6 ({Better is} 12... Bg4 $1 {[%mdl 512]} 13. Qxg4 Nxd3+ 14. cxd3 Qxd3) 13. gxf4 $16 exf4 14. Nc3 Re8+ $146 ({Predecessor:} 14... h5 15. b4 Qe7+ 16. Kf1 Qxb4 {1-0 (33) Lorenzo de la Riva,L (2376)-Panelo Munoz,M (2379) Sant Adria de Besos 2017}) 15. Kf1 Bb7 (15... Kg8 $16) 16. Qh5+ (16. Qxf4 $6 c5 $16) 16... Kf8 17. b4 (17. Qxh7 $16 {Hoping for Bg6.} c5 18. Rg1) 17... Re5 18. Qxh7 Qe7 {[#]} (18... c5 $11) 19. Ba3 ({White should play} 19. Bb2 $1 $16 c5 20. Rg1 (20. bxa5 Bxh1 21. Nb5 Re6 $11)) 19... c5 $11 20. bxc5 $2 {[%mdl 8192]} (20. Ne2 $11 {and White has nothing to worry.} Re8 21. Bg6 (21. bxa5 f3 $16)) 20... Bc6 $2 (20... Bxh1 $19 21. Bg6 Qe6 22. Qh8+ Qg8 23. c6+ Be7 24. Qxg8+ Kxg8) 21. f3 {Threatens to win with Ne4.} Re8 (21... Qe6 $1 $11) 22. Rb1 (22. Kf2 $1 $14 Qd7 23. Raf1) 22... Re1+ $2 {[%mdl 8192]} (22... Bxf3 $11 {and Black stays safe.} 23. Bg6 Re1+ 24. Kf2 Bd4+ 25. Kxf3 Re3+ 26. Kg2 (26. dxe3 {is a self mate.} Qxe3+ 27. Kg4 Qg3+ 28. Kh5 Qf3+ 29. Kg5 Bf6+ 30. Kf5 Re5#) 26... Rg3+ 27. Kf1 Rf3+ 28. Kg2 Rg3+ 29. Kf1 Rf3+ 30. Kg2 Rg3+) 23. Kg2 $18 Rxb1 24. Rxb1 Bxh4 (24... Bxc3 $142 25. Qh8+ Kf7 26. Qh5+ Kf8 27. dxc3 Qe5 28. Qxe5 Rxe5 29. Rb8+ Re8) 25. Qh8+ Kf7 26. Qh5+ Kf8 27. Rh1 Bg3 (27... Qg5+ $18 28. Qxg5 Bxg5) 28. Ne4 (28. Qf5+ $142 Qf6 29. Rh8+ Kf7 30. Qh5+ Ke6 31. Rxe8+ Kd7 32. Bb2 Bh4 33. Ne4) 28... Bxe4 29. Bxe4 {Threatening mate with Qf5+.} Rd8 30. Qf5+ {Precision: White = 37%, Black = 24%.} 1-0